Development of Cybersecurity Learning Platform for SMBs / (Record no. 608148)
[ view plain ]
| 000 -LEADER | |
|---|---|
| fixed length control field | 00666nam a22001457a 4500 |
| 040 ## - CATALOGING SOURCE | |
| Transcribing agency | MCS (NUST) |
| 082 ## - DEWEY DECIMAL CLASSIFICATION NUMBER | |
| Classification number | 005.8,SAN |
| 100 ## - MAIN ENTRY--PERSONAL NAME | |
| Personal name | Sana, Aasia |
| 9 (RLIN) | 35182 |
| 245 ## - TITLE STATEMENT | |
| Title | Development of Cybersecurity Learning Platform for SMBs / |
| Statement of responsibility, etc. | Aasia Sana |
| 260 ## - PUBLICATION, DISTRIBUTION, ETC. | |
| Place of publication, distribution, etc. | Rawalpindi |
| Name of publisher, distributor, etc. | MCS (NUST) |
| Date of publication, distribution, etc. | Aug 2016 |
| 300 ## - PHYSICAL DESCRIPTION | |
| Extent | xiii, 171 P., |
| 505 ## - FORMATTED CONTENTS NOTE | |
| Formatted contents note | introduction (Page-1), Literature Review and Existing Technologies (Page-11), Research Methodology (Page-22), Critical Asset: Database Server (Page-40), Critical Asset: Web Server (Page-71), Critical Asset: DNS & Email Server (PAge-108), Conclusion and Future Works (Page-147). |
| 650 ## - SUBJECT ADDED ENTRY--TOPICAL TERM | |
| Source of heading or term | PG Thesis |
| 942 ## - ADDED ENTRY ELEMENTS (KOHA) | |
| Source of classification or shelving scheme | |
| Koha item type | Thesis |
| Call number prefix | 005.8,SAN |
| Withdrawn status | Lost status | Source of classification or shelving scheme | Damaged status | Not for loan | Permanent Location | Current Location | Shelving location | Date acquired | Total Checkouts | Full call number | Barcode | Date last seen | Price effective from | Koha item type | Public note |
|---|---|---|---|---|---|---|---|---|---|---|---|---|---|---|---|
| Military College of Signals (MCS) | Military College of Signals (MCS) | Thesis | 02/26/2024 | 005.8,SAN | MCSTIS-406 | 02/26/2024 | 02/26/2024 | Thesis | Only Hard Copy Available |
